Thời đại công nghệ 4.0
Cuốn sách đưa bạn du lịch một vòng trong thế giới máy tính, bắt đầu từ kiến trúc Von Neumann, từ "vỏ" đến "lõi", từng buwocs một, cho đến khi bạn đến được "tế bào não" của máy tính...
Wedi'i Gadw mewn:
| Fformat: | Llyfr |
|---|---|
| Iaith: | Undetermined |
| Cyhoeddwyd: |
Hà Nội
Hồng Đức
2019
|
| Pynciau: | |
| Tagiau: |
Ychwanegu Tag
Dim Tagiau, Byddwch y cyntaf i dagio'r cofnod hwn!
|
| Thư viện lưu trữ: | Trung tâm Học liệu Trường Đại học Cần Thơ |
|---|
| LEADER | 00823nam a2200193Ia 4500 | ||
|---|---|---|---|
| 001 | CTU_238706 | ||
| 008 | 210402s9999 xx 000 0 und d | ||
| 020 | |c 88000 | ||
| 082 | |a 303.4834 | ||
| 082 | |b Th462 | ||
| 245 | 0 | |a Thời đại công nghệ 4.0 | |
| 245 | 0 | |c Trần Giang Sơn (Biên dịch) | |
| 260 | |a Hà Nội | ||
| 260 | |b Hồng Đức | ||
| 260 | |c 2019 | ||
| 520 | |a Cuốn sách đưa bạn du lịch một vòng trong thế giới máy tính, bắt đầu từ kiến trúc Von Neumann, từ "vỏ" đến "lõi", từng buwocs một, cho đến khi bạn đến được "tế bào não" của máy tính | ||
| 650 | |a Computer science,Khoa học máy tính | ||
| 904 | |i Hải | ||
| 980 | |a Trung tâm Học liệu Trường Đại học Cần Thơ | ||